Stolen innocence : my story of growing up in a polygamous sect, becoming a teenage bride, and breaking free of Warren Jeffs (Record no. 391073)

MARC details
000 -LEADER
fixed length control field 00352nam a2200097Ia 4500
082 ## - DEWEY DECIMAL CLASSIFICATION NUMBER
Classification number WALL
008 - FIXED-LENGTH DATA ELEMENTS--GENERAL INFORMATION
fixed length control field 210817s9999 xx 000 0 und d
100 ## - MAIN ENTRY--PERSONAL NAME
Personal name WALL, Elissa New York, 2009
9 (RLIN) 76206
245 #0 - TITLE STATEMENT
Title Stolen innocence : my story of growing up in a polygamous sect, becoming a teenage bride, and breaking free of Warren Jeffs
942 ## - ADDED ENTRY ELEMENTS
item type Books

No items available.